000 00717nam a2200229 a 4500
001 59269
003 BD-RjUL
005 20211209080718.0
008 161222s1965 enk b 001 0 eng d
035 _a(BD-RjUL)59393
040 _aDLC
_cWSU
_dSER
_dUKM
_dEQO
_dBD-RjUL
_beng
041 _aeng
082 _223
_a332.15
_bEIF 1965
100 1 _aEinzig, Paul,
_d1897-1973.
_9176283
245 1 0 _aForeign dollar loans in Europe /
_cby Paul Einzig.
260 _aLondon :
_bMacmillan ;
_aNew York :
_bSt Martin's Press,
_cc1965.
300 _axi, 159 p. ;
_c23 cm
504 _aInclude bibliography and index.
650 0 _aBanks and banking, International
_9173482
650 0 _aForeign exchange
_9176284
942 _2ddc
_cBK
999 _c59269
_d59269